|
|
|
|
| LEADER |
00000cam a2200000 4500 |
| 001 |
vtls012280477 |
| 003 |
SK-MaSNL |
| 005 |
20260302063353.0 |
| 008 |
250729s2025 xo a erf 000 0dslo |
| 015 |
|
|
|a SNBA2025
|
| 020 |
|
|
|a 9788057501404
|q (viazané)
|
| 040 |
|
|
|a SNK
|b slo
|c SNK
|e rda
|
| 041 |
0 |
|
|a slo
|
| 044 |
|
|
|a xo
|c SK
|
| 072 |
|
7 |
|a 159.92
|x Vývinová psychológia. Psychológia osobnosti
|2 konspekt
|
| 080 |
|
|
|a 687.5.01-055.2
|2 2011
|
| 080 |
|
|
|a 070.42-055.2
|2 2011
|
| 080 |
|
|
|a 316.346.2-055.2
|2 2011
|
| 080 |
|
|
|a 172.1
|2 2001
|
| 080 |
|
|
|a 159.923.2
|2 2011
|
| 080 |
|
|
|a 159.923.35
|2 2011
|
| 080 |
|
|
|a 316.628
|2 2011
|
| 080 |
|
|
|a (0.062)
|2 2011
|
| 080 |
|
|
|a (0.025.2)
|2 2011
|
| 080 |
|
|
|a (035)
|2 2011
|
| 100 |
1 |
|
|a Alagič, Jasmina,
|d 1989-
|4 aut
|9 724506
|
| 245 |
1 |
0 |
|a Pošli to ďalej
|c Jasmina Alagič, Michala Ries
|
| 250 |
|
|
|a Prvé vydanie
|
| 264 |
|
1 |
|a Bratislava
|b Ikar
|c 2025
|
| 300 |
|
|
|a 237 strán
|b farebné ilustrácie, portréty
|c 20 cm
|
| 336 |
|
|
|a text
|b txt
|2 rdacontent
|
| 336 |
|
|
|a statický obraz
|b sti
|2 rdacontent
|
| 337 |
|
|
|a bez média
|b n
|2 rdamedia
|
| 338 |
|
|
|a zväzok
|b nc
|2 rdacarrier
|
| 500 |
|
|
|a Obsahuje biografické informácie o autorke
|
| 600 |
1 |
7 |
|a Alagič, Jasmina,
|d 1989-
|2 SNKPH
|9 724506
|
| 650 |
0 |
7 |
|a modelky
|2 SNKPH
|9 29792
|
| 650 |
0 |
7 |
|a moderátorky
|2 SNKPH
|9 195610
|
| 650 |
0 |
7 |
|a ženy
|2 SNKPH
|9 4865
|
| 650 |
0 |
7 |
|a súkromie a verejná angažovanosť
|2 SNKPH
|9 102629
|
| 650 |
0 |
7 |
|a sebavedomie
|2 SNKPH
|9 23453
|
| 650 |
0 |
7 |
|a sebapoznanie
|2 SNKPH
|9 4292
|
| 650 |
0 |
7 |
|a sebarealizácia
|2 SNKPH
|9 4935
|
| 650 |
0 |
7 |
|a Female models
|2 SNKPHeng
|9 337272
|
| 650 |
0 |
7 |
|a Women presenters
|2 SNKPHeng
|9 545266
|
| 650 |
0 |
7 |
|a Women
|2 SNKPHeng
|9 266264
|
| 650 |
0 |
7 |
|a Self-confidence
|2 SNKPHeng
|9 302737
|
| 650 |
0 |
7 |
|a Self-consciousness
|2 SNKPHeng
|9 281701
|
| 650 |
0 |
7 |
|a Self-realization
|2 SNKPHeng
|9 302738
|
| 655 |
|
7 |
|a populárno-náučné publikácie
|2 SNKPH
|9 70460
|
| 655 |
|
7 |
|a ilustrované publikácie
|2 SNKPH
|9 109406
|
| 655 |
|
7 |
|a príručky
|2 SNKPH
|9 74364
|
| 655 |
|
7 |
|a Popular works
|2 SNKPHeng
|9 90287
|
| 655 |
|
7 |
|a Handbooks, manuals, etc.
|2 SNKPHeng
|9 90964
|
| 655 |
|
7 |
|a Illustrated publications
|2 SNKPHeng
|9 289635
|
| 700 |
1 |
|
|a Ries, Michala,
|d 1989-
|4 aut
|9 211753
|
| 700 |
1 |
|
|a Mohrová, Kristína
|c (grafická dizajnérka)
|4 bkd
|4 bjd
|4 ill
|9 237234
|
| 700 |
1 |
|
|a Hasák, Dominik
|4 ill
|9 724507
|
| 852 |
|
|
|a Slovenská národná knižnica
|
| 919 |
|
|
|a 978-80-575-0140-4
|
| 954 |
|
|
|a iná literatúra (príručky, kuchárske knihy, hobby literatúra, sprievodcovia) pôvodná (slovenská)
|2 lita
|
| 999 |
|
|
|c 1132421
|d 1134351
|
| 952 |
|
|
|a SNK
|b SNK
|y PREZ
|7 0
|p 17A1576797
|o snkSD 93582
|i snk2025/12604
|8 0
|0 0
|1 0
|4 0
|d 2025-08-04
|l 0
|r 2026-02-24 19:07:06
|w 2026-02-24
|
| 952 |
|
|
|a SNK
|b SNKPULT
|y VYP
|7 0
|p 17A1576798
|o snkSD 93582 D1
|i snk2025/12605
|8 0
|0 0
|1 0
|4 0
|d 2025-08-04
|l 1
|m 2
|q 2026-05-20
|r 2026-02-28 18:32:49
|s 2026-02-28
|w 2026-02-24
|